Informe sobre el diseño y gestión del plan de modernización de la división normativa de la dirección general de Tributación-Ministerio de Hacienda (2000-2003) /

Guardat en:
Dades bibliogràfiques
Autor principal: Rojas Saborio, Ingrid
Format: Text
Matèries:
Etiquetes: Afegir etiqueta
Sense etiquetes, Sigues el primer a etiquetar aquest registre!

MARC

LEADER 00000 a a2200000 04500
001 16854
003
040
100 |a Rojas Saborio, Ingrid  
245 |a Informe sobre el diseño y gestión del plan de modernización de la división normativa de la dirección general de Tributación-Ministerio de Hacienda (2000-2003) /  |c Ingrid Rojas Saborio 
650 |a TRIBUTACION  
650 |a REFORMA TRIBUTARIA  
650 |a LEGISLACION  
650 |a COSTA RICA  
773 |g volumen 13, número 1; páginas 261-283  
999 |c 25997  |d 25997